000 00655nam a2200181Ia 4500
003 IN-BaIIA
008 211028s9999 xx 000 0 eng d
020 _a0-8194-6336-1
040 _cIIA Library
080 _a535(082.1)
_bSPI-6271
100 _aCullum, Martin J
_933019
245 0 _aModeling, systems engineering, and project management for astronomy II
_cMartin J Cullum
260 _aWashington
_bThe International Society for Optical Engineering
_c2006
300 _a[various pagings.]
650 _aGround-based telescopes-Congresses
650 _aSystems engineering-Congresses
_933020
942 _cBK
999 _c17484
_d17484